000 00624nam a2200205 i 4500
001 108061
003 ES-MaACL
007 t|
008 070115s1958 sp ||||1| cat d
080 _a849.9-221"19"
100 1 _aCarbonell, Josep Mª.
_935046
245 1 0 _aQuan l'áanima es desperta
_b: comèdia dramáatica en tres actes /
_cJosep Mª Carbonell.
260 _aBarcelona :
_bNereida,
_c1958.
300 _a62 p. ;
_c17 cm.
490 1 _aBiblioteca Gresol ;
_v44
500 _aFinalista Premi F.E.S.T.A. 1958.
830 0 _aBiblioteca Gresol ;
_v44
_9185526
852 _aES-MaACL
_jE-5173
999 _c108061
_d108061